Performance test of laminated veneer lumber(LVL) from rubber wood for different physical and mechanical properties (Record no. 64807)
[ view plain ]
| 000 -LEADER | |
|---|---|
| fixed length control field | 01260nam a2200217Ia 4500 |
| 100 ## - MAIN ENTRY--AUTHOR NAME | |
| Personal name | Kamala B S |
| 245 #0 - TITLE STATEMENT | |
| Title | Performance test of laminated veneer lumber(LVL) from rubber wood for different physical and mechanical properties |
| 260 ## - PUBLICATION, DISTRIBUTION, ETC. (IMPRINT) | |
| Name of publisher | Holz Als Roh-und Werkstoff |
| Year of publication | 1999 |
| 300 ## - PHYSICAL DESCRIPTION | |
| Number of Pages | 114-116 |
| 500 ## - GENERAL NOTE | |
| General note | Source Year: 2000 |
| 520 ## - SUMMARY, ETC. | |
| Summary, etc | Laminated Veneer Lumber(LVL) made from plantation grown rubber(Hevea brasiliensis) wood was tested for strength and other properties following different standards. Results indicate that LVL of rubber wood can be compared with teak in many properties and also passed adhesion of piles and resistance to delamination tests. LVL was found to have strength properties equivalent to that of gamari (Gmelina arborea), poon (Calophyllum elatum), lakooch (Artocarpus lakoocha), and benteak (Lagerstroemia lanceolata) which are used as door and window frames, flooring and transpost vehicles. Further it was resistant against wood rot fungi and comes under Resistant class. |
| 650 ## - SUBJECT ADDED ENTRY--TOPICAL TERM | |
| Topical Term | Laminated veneer lumber |
| 650 ## - SUBJECT ADDED ENTRY--TOPICAL TERM | |
| Topical Term | Rubber wood |
| 650 ## - SUBJECT ADDED ENTRY--TOPICAL TERM | |
| Topical Term | Teak |
| 700 ## - ADDED ENTRY--PERSONAL NAME | |
| Personal name | Kumar P |
| 700 ## - ADDED ENTRY--PERSONAL NAME | |
| Personal name | Rao R V |
| 700 ## - ADDED ENTRY--PERSONAL NAME | |
| Personal name | Sharma S N |
| 856 ## - ELECTRONIC LOCATION AND ACCESS | |
| Uniform Resource Identifier | IRRDB |
| 942 ## - ADDED ENTRY ELEMENTS (KOHA) | |
| Koha item type | Journals |
| Withdrawn status | Lost status | Damaged status | Not for loan | Home library | Current library | Shelving location | Date acquired | Serial Enumeration / chronology | Koha item type |
|---|---|---|---|---|---|---|---|---|---|
| Journals | RRII Library | RRII Library | Rubber general | 17/12/2021 | Volume 57, Issue 2 | Journals |